Normal view
MARC view
- Alos-Ferrer, Carlos.
Entry Personal Name
001 - CONTROL NUMBER
- control field: 59132
003 - CONTROL NUMBER IDENTIFIER
- control field: OSt
005 - DATE AND TIME OF LATEST TRANSACTION
- control field: 20240827194010.0
008 - FIXED-LENGTH DATA ELEMENTS
- fixed length control field: 240827|| aca||aabn | a|a d
040 ## - CATALOGING SOURCE
- Original cataloging agency: OSt
- Transcribing agency: OSt
100 ## - HEADING--PERSONAL NAME
- Personal name: Alos-Ferrer, Carlos.
- Relator term: author.
670 ## - SOURCE DATA FOUND
- Source citation: Work cat.: (OSt): Kokkoris, Michail D. author. 59130, True to which self? lay retionalism and decision satisfaction in self-control conflicts /, August 2019.
